Klatovy
| Hlavní autor: | Šebek, Petr |
|---|---|
| Jazyk: | Němčina Čeština Angličtina |
| Vydáno: |
České Budějovice : Colibri, 2008 |
| Vydání: | 1. vyd. |
| Témata: | |
| Fyzický popis: |
1 sv. ([26] s.) : barev. ; 11 cm |
| Language note: |
Souběžný anglický a německý text |
| LEADER | 01233nkm a2200373 a 4500 | ||
|---|---|---|---|
| 001 | 000904725 | ||
| 003 | CZ BrMZK | ||
| 005 | 20080818073229.0 | ||
| 007 | kf co | ||
| 008 | 080714s2008 xr nnn kncze | ||
| 020 | |a 978-80-904068-6-5 |q (skládanka) | ||
| 040 | |a BOA001 |b cze | ||
| 041 | 1 | |a cze |a eng |a ger |h cze | |
| 043 | |a e-xr--- |b e-xr-pl |2 czenas | ||
| 072 | 7 | |a 72 |x Architektura |2 Konspekt |9 21 | |
| 080 | |a 72:904 |2 MRF | ||
| 080 | |a 726.5 |2 MRF | ||
| 080 | |a (437.317) |2 MRF | ||
| 080 | |a (084.12) |2 MRF | ||
| 100 | 1 | |a Šebek, Petr |7 jx20060205114 |4 pht | |
| 245 | 1 | 0 | |a Klatovy |h [grafika] / |c foto Petr Šebek |
| 250 | |a 1. vyd. | ||
| 260 | |a České Budějovice : |b Colibri, |c 2008 | ||
| 300 | |a 1 sv. ([26] s.) : |b barev. ; |c 11 cm | ||
| 500 | |a 4000 výt. | ||
| 546 | |a Souběžný anglický a německý text | ||
| 650 | 0 | 7 | |a architektonické památky |7 ph118585 |z Česko |2 czenas |
| 650 | 0 | 7 | |a církevní architektura |7 ph114282 |z Česko |2 czenas |
| 655 | 7 | |a fotografické publikace |7 fd132276 |2 czenas | |
| 651 | 7 | |a Klatovy (Česko) |7 ge129581 |2 czenas | |
| 910 | 2 | |a BOA001 |b S-1209.297 | |
| 990 | |a GP | ||
| 991 | |b 200808 | ||
| 996 | 6 | |b 2610350765 |c S-1209.297 |l MZK |r Sklad / do 24 hodin |n 0 |p p.v. |w 001071535 |u 000010 |a 1 |e BOA001 |j MZK50 |s P | |
English
Čeština 